000 00259nam a2200109Ia 4500
008 190216s9999||||xx |||||||||||||| ||und||
100 _aSubhash Mehta
245 0 _aEasy Concepters Of Series
260 _bS Chand & Co
650 _aComputer Science
942 _cBK
999 _c8365
_d8365